[Event "Nutcracker Rapid w 2017"]
[Site "Moscow RUS"]
[Date "2017.12.24"]
[Round "5.3"]
[White "Dimitrova, Aleksandra"]
[Black "Zaiatz, Elena"]
[Result "1-0"]
[WhiteTitle "WIM"]
[BlackTitle "IM"]
[WhiteElo "2274"]
[BlackElo "2345"]
[WhiteTeam "Princesses"]
[BlackTeam "Queens"]
[WhiteFideId "24173371"]
[BlackFideId "4139518"]
[EventDate "2017.12.23"]
[EventType "schev (rapid)"]

1. e4 e5 2. Nf3 Nc6 3. Bb5 a6 4. Bxc6 dxc6 5. O-O f6 6. d4 exd4 7. Nxd4 c5 8.
Nb3 Qxd1 9. Rxd1 Bg4 10. f3 Be6 11. Nc3 Bd6 12. Be3 b6 13. a4 Kf7 14. a5 c4 15.
Nd4 b5 16. f4 Bd7 17. e5 fxe5 18. fxe5 Bxe5 19. Nf3 Bd6 20. Ne4 Nf6 21. Nxd6+
cxd6 22. Rxd6 Rhe8 23. Bg5 Bg4 24. Bxf6 gxf6 25. Rf1 Ke7 26. Rb6 Reb8 27. Rxb8
Rxb8 28. Nd4 Bd7 29. Rf4 Kf7 30. Kf2 Re8 31. b4 cxb3 32. cxb3 Rc8 33. Ke3 Rc1
34. Kd2 Rg1 35. Rf2 Ke7 36. b4 h5 37. g3 Rb1 38. Kc3 Bh3 39. Nb3 Re1 40. Nc5 Bc8
41. Kd4 Rd1+ 42. Kc3 Re1 43. Nd3 Re4 44. Nf4 Rc4+ 45. Kd3 Bb7 46. Rb2 Bf3 47.
Ke3 Rc3+ 48. Kf2 Kf7 49. Rd2 Bg4 50. Rd6 Rc2+ 51. Ke3 Rb2 52. Rxa6 Rxb4 53.
Rxf6+ Kg7 54. Rb6 Rb3+ 55. Kd4 Kf7 56. Kc5 Rb2 57. Rxb5 Rxh2 58. a6 Ra2 59. Kb6
Bc8 60. a7 Ra6+ 61. Kc7 Rxa7+ 62. Kxc8 h4 63. gxh4 Ra4 64. Rf5+ Kg7 65. h5 Kh6
66. Kd7 Ra7+ 67. Ke6 Ra6+ 68. Ke5 Ra5+ 69. Ke4 Ra1 70. Re5 Ra8 71. Re6+ Kh7 72.
Kf5 1-0

[Event "Nutcracker Rapid w 2017"]
[Site "Moscow RUS"]
[Date "2017.12.24"]
[Round "5.4"]
[White "Goltseva, Ekaterina"]
[Black "Kovalevskaya, Ekaterina"]
[Result "0-1"]
[WhiteTitle "WFM"]
[BlackTitle "IM"]
[WhiteElo "2208"]
[BlackElo "2405"]
[WhiteTeam "Princesses"]
[BlackTeam "Queens"]
[WhiteFideId "24173770"]
[BlackFideId "4116704"]
[EventDate "2017.12.23"]
[EventType "schev (rapid)"]

1. d4 Nf6 2. c4 c5 3. d5 b5 4. cxb5 a6 5. bxa6 g6 6. Nc3 Bg7 7. e4 O-O 8. Be2 e6
9. Nf3 Bxa6 10. O-O exd5 11. exd5 d6 12. Nd2 Bxe2 13. Qxe2 Na6 14. Nc4 Re8 15.
Qd1 Ne4 16. Qf3 f5 17. Bf4 g5 18. Bd2 Nxd2 19. Nxd2 Qf6 20. a3 Nb8 21. Nc4 Nd7
22. Rfe1 Ne5 23. Nxe5 Rxe5 24. Qd3 Rb8 25. Qd2 g4 26. Rxe5 Qxe5 27. g3 Qd4 28.
Rd1 Qxd2 29. Rxd2 Rb3 30. Na4 Bd4 31. Kf1 Kf7 32. Ke2 Rf3 33. Ke1 Rb3 34. Re2
Bf6 35. Re3 Rb8 36. b3 Bd4 37. Rd3 Kf6 38. Kf1 Ke5 39. f3 Kxd5 40. Nc3+ Kc6 41.
Ne2 Bb2 42. a4 d5 43. fxg4 fxg4 44. Nf4 c4 45. bxc4 dxc4 46. Rd2 c3 47. Rc2 Kc5
48. Ke2 Kc4 49. Nd3 Re8+ 50. Kd1 Kxd3 51. Rf2 Ra8 52. Rc2 Rxa4 0-1

[Event "Nutcracker Rapid w 2017"]
[Site "Moscow RUS"]
[Date "2017.12.24"]
[Round "6.1"]
[White "Goltseva, Ekaterina"]
[Black "Grabuzova, Tatiana"]
[Result "0-1"]
[WhiteTitle "WFM"]
[BlackTitle "WGM"]
[WhiteElo "2208"]
[BlackElo "2309"]
[WhiteTeam "Princesses"]
[BlackTeam "Queens"]
[WhiteFideId "24173770"]
[BlackFideId "4108752"]
[EventDate "2017.12.23"]
[EventType "schev (rapid)"]

1. d4 d5 2. c4 e6 3. Nf3 c5 4. cxd5 exd5 5. Nc3 Nc6 6. g3 Nf6 7. Bg2 Be7 8. O-O
O-O 9. dxc5 Bxc5 10. a3 Ne4 11. Qc2 Nxc3 12. Qxc3 Qb6 13. b4 Be7 14. Be3 Bf6 15.
Qxf6 gxf6 16. Bxb6 axb6 17. Rfd1 Be6 18. Nd4 Rfc8 19. Nb5 Ne7 20. Rd2 Bd7 21.
Nd4 Rxa3 22. Rad1 Rac3 23. e3 Rc1 24. Ne2 Rxd1+ 25. Rxd1 Bg4 26. f3 Be6 27. Nf4
Rc4 28. Rb1 Nc6 29. b5 Ne5 30. Rb2 Rc3 31. Kf2 Nc4 32. Re2 Na3 33. Nh5 f5 34.
Rd2 Rc5 35. e4 Kf8 36. exf5 Bxf5 37. Nf6 Rxb5 38. Nxd5 Nc4 39. Rd1 Rb2+ 40. Kg1
Be6 41. f4 Rxg2+ 42. Kxg2 Bxd5+ 43. Kf2 Bc6 44. f5 Ke7 45. Rd4 Nd6 46. Rh4 Nxf5
47. Rxh7 b5 48. Rh5 Kf6 49. g4 Nd4 50. Ke3 Ne6 51. Rf5+ Kg7 52. Kd3 f6 53. h4
Nd8 54. g5 fxg5 55. Rxg5+ Kh6 56. Rg4 Nf7 57. Kc3 Ne5 58. Rf4 Nf3 59. Rf7 Nxh4
60. Kd4 Kg6 61. Rf1 Nf3+ 62. Kc5 Kf5 63. Rf2 Ke4 64. Kb4 Kd3 65. Rf1 Ke2 66. Rc1
Kd2 67. Ra1 Ne5 68. Ra2+ Ke3 69. Kc3 Nd3 70. Rh2 b4+ 71. Kc2 Ba4+ 72. Kb1 Kd4
73. Rh7 Bc6 74. Rh4+ Kc3 75. Rh7 b3 76. Rc7 Nc5 77. Ka1 b2+ 78. Ka2 Bd5+ 0-1

[Event "Nutcracker Rapid w 2017"]
[Site "Moscow RUS"]
[Date "2017.12.24"]
[Round "6.2"]
[White "Solozhenkina, Elizaveta"]
[Black "Strutinskaia, Galina"]
[Result "0-1"]
[WhiteTitle "WIM"]
[BlackTitle "WGM"]
[WhiteElo "2230"]
[BlackElo "2243"]
[WhiteTeam "Princesses"]
[BlackTeam "Queens"]
[WhiteFideId "34106615"]
[BlackFideId "4108558"]
[EventDate "2017.12.23"]
[EventType "schev (rapid)"]

1. Nf3 d5 2. g3 c6 3. Bg2 Bf5 4. d3 e6 5. O-O Nf6 6. Nh4 Bg4 7. Qe1 Be7 8. e4
Nfd7 9. Nf3 Na6 10. a3 b5 11. h3 Bh5 12. Qc3 O-O 13. Qxc6 Bxf3 14. Bxf3 Ne5 15.
Qxa6 Nxf3+ 16. Kg2 Nd4 17. Ra2 Rb8 18. Be3 Nxc2 19. Qxa7 Ra8 20. Qb6 Nb4 21. Ra1
d4 22. Qxd8 Rfxd8 23. Bf4 Nxd3 24. Nd2 e5 25. Bxe5 Nxe5 26. Rfc1 Rdc8 27. Nb3 d3
28. Nd4 b4 29. axb4 Bxb4 30. Rxa8 Rxa8 31. f4 d2 32. Rf1 Nc4 0-1

[Event "Nutcracker Rapid w 2017"]
[Site "Moscow RUS"]
[Date "2017.12.24"]
[Round "6.3"]
[White "Zaiatz, Elena"]
[Black "Maltsevskaya, Aleksandra"]
[Result "1/2-1/2"]
[WhiteTitle "IM"]
[WhiteElo "2345"]
[BlackElo "2276"]
[WhiteTeam "Queens"]
[BlackTeam "Princesses"]
[WhiteFideId "4139518"]
[BlackFideId "24174041"]
[EventDate "2017.12.23"]
[EventType "schev (rapid)"]

1. d4 Nf6 2. c4 g6 3. Nc3 Bg7 4. e4 d6 5. Be2 O-O 6. Bg5 c5 7. d5 h6 8. Bf4 e6
9. dxe6 Bxe6 10. Qd2 Kh7 11. Bxd6 Re8 12. Nf3 Nfd7 13. O-O Nc6 14. Rad1 Nd4 15.
Nxd4 cxd4 16. Nb5 Nb6 17. b3 a6 18. Bc7 Qe7 19. Bxb6 axb5 20. Bxd4 Red8 21. Qe3
Bxd4 22. Rxd4 Rxd4 23. Qxd4 Rxa2 24. Bd3 Qb4 25. h4 Rd2 26. Ra1 Qf8 27. Qc3 Qg7
28. e5 Rxd3 29. Qxd3 Qxe5 30. Rd1 bxc4 31. bxc4 Qc5 32. Qb3 Qh5 33. Rd4 Qc5 34.
Rd1 Qxc4 35. Qxb7 Qxh4 36. Qb2 Qg5 37. Qd4 h5 38. Kh2 Qg4 39. Qxg4 1/2-1/2

[Event "Nutcracker Rapid w 2017"]
[Site "Moscow RUS"]
[Date "2017.12.24"]
[Round "6.4"]
[White "Kovalevskaya, Ekaterina"]
[Black "Dimitrova, Aleksandra"]
[Result "1-0"]
[WhiteTitle "IM"]
[BlackTitle "WIM"]
[WhiteElo "2405"]
[BlackElo "2274"]
[WhiteTeam "Queens"]
[BlackTeam "Princesses"]
[WhiteFideId "4116704"]
[BlackFideId "24173371"]
[EventDate "2017.12.23"]
[EventType "schev (rapid)"]

1. e4 c5 2. Nf3 e6 3. d4 cxd4 4. Nxd4 a6 5. c4 Bb4+ 6. Nc3 Nf6 7. Qd3 Qc7 8. Be2
Nc6 9. Nxc6 dxc6 10. a3 Be7 11. f4 e5 12. Qg3 Be6 13. f5 Bd7 14. Be3 O-O-O 15.
Qf2 c5 16. O-O Bc6 17. Bf3 g6 18. fxg6 hxg6 19. Bxc5 Bxc5 20. Qxc5 g5 21. Nd5
Bxd5 22. Qxc7+ Kxc7 23. exd5 Kd6 24. Be2 Rh6 25. Rf5 Rdh8 26. h3 g4 27. Raf1 Ne4
28. Bxg4 Ng3 29. Rf6+ Rxf6 30. Rxf6+ Ke7 31. Rb6 f5 32. Bd1 Rh4 33. Re6+ Kd7 34.
c5 Rd4 35. Bb3 e4 36. Kf2 f4 37. Ke1 e3 38. Rd6+ Kc7 39. Rf6 Rd2 40. d6+ Kc8 41.
Ba4 b5 42. cxb6 Rxg2 43. d7+ Kd8 44. Rf8+ 1-0

[Event "Nutcracker Rapid w 2017"]
[Site "Moscow RUS"]
[Date "2017.12.24"]
[Round "7.1"]
[White "Grabuzova, Tatiana"]
[Black "Dimitrova, Aleksandra"]
[Result "1/2-1/2"]
[WhiteTitle "WGM"]
[BlackTitle "WIM"]
[WhiteElo "2309"]
[BlackElo "2274"]
[WhiteTeam "Queens"]
[BlackTeam "Princesses"]
[WhiteFideId "4108752"]
[BlackFideId "24173371"]
[EventDate "2017.12.23"]
[EventType "schev (rapid)"]

1. d4 Nf6 2. c4 e6 3. g3 d5 4. Nf3 dxc4 5. Bg2 Bd7 6. Ne5 Bc6 7. Nxc6 Nxc6 8. e3
Qd7 9. O-O Rd8 10. Qe2 e5 11. Qxc4 exd4 12. Bxc6 Qxc6 13. Qxc6+ bxc6 14. exd4
Be7 15. Re1 Nd5 16. Nc3 Nxc3 17. bxc3 Kd7 18. Rb1 Rb8 19. Be3 Rb6 20. d5 Rxb1
21. dxc6+ Kxc6 22. Rxb1 a6 23. Kf1 Rd8 24. Ke2 Rd5 25. Bd4 g6 26. Kd3 Ra5 27.
Rb2 Bc5 28. Re2 Bxd4 29. Kxd4 Kd6 1/2-1/2

[Event "Nutcracker Rapid w 2017"]
[Site "Moscow RUS"]
[Date "2017.12.24"]
[Round "7.2"]
[White "Strutinskaia, Galina"]
[Black "Goltseva, Ekaterina"]
[Result "1/2-1/2"]
[WhiteTitle "WGM"]
[BlackTitle "WFM"]
[WhiteElo "2243"]
[BlackElo "2208"]
[WhiteTeam "Queens"]
[BlackTeam "Princesses"]
[WhiteFideId "4108558"]
[BlackFideId "24173770"]
[EventDate "2017.12.23"]
[EventType "schev (rapid)"]

1. d4 Nf6 2. Nf3 e6 3. c4 b6 4. g3 Bb7 5. Bg2 Bb4+ 6. Bd2 a5 7. O-O O-O 8. Nc3
d6 9. Qc2 Nbd7 10. a3 Bxc3 11. Bxc3 a4 12. Rfe1 Be4 13. Qd2 Qc8 14. Qf4 Qa6 15.
Rac1 Qb7 16. Nh4 Bxg2 17. Nxg2 Ne4 18. f3 Nxc3 19. Rxc3 e5 20. Qg4 f5 21. Qh4
Rae8 22. dxe5 Rxe5 23. Qd4 Rfe8 24. Re3 Qc6 25. Rxe5 Rxe5 26. Ne3 Nf6 27. Qd3
Qc5 28. Kf2 d5 29. Rd1 h6 30. Qd4 Qxd4 31. Rxd4 c5 32. Rd2 d4 33. Ng2 g5 34. e3
dxe3+ 35. Nxe3 f4 36. Nd1 fxg3+ 37. hxg3 g4 38. Nc3 gxf3 39. Kxf3 Rf5+ 40. Kg2
Ng4 41. Re2 Ne5 42. Nxa4 1/2-1/2

[Event "Nutcracker Rapid w 2017"]
[Site "Moscow RUS"]
[Date "2017.12.24"]
[Round "7.3"]
[White "Solozhenkina, Elizaveta"]
[Black "Zaiatz, Elena"]
[Result "1/2-1/2"]
[WhiteTitle "WIM"]
[BlackTitle "IM"]
[WhiteElo "2230"]
[BlackElo "2345"]
[WhiteTeam "Princesses"]
[BlackTeam "Queens"]
[WhiteFideId "34106615"]
[BlackFideId "4139518"]
[EventDate "2017.12.23"]
[EventType "schev (rapid)"]

1. Nf3 Nf6 2. g3 b6 3. Bg2 Bb7 4. O-O e6 5. d3 d5 6. Nbd2 Be7 7. e4 c5 8. Re1
Nc6 9. Qe2 Qc7 10. exd5 Nxd5 11. Nc4 O-O 12. Bg5 h6 13. Bxe7 Ndxe7 14. Qd2 Rad8 1/2-1/2

[Event "Nutcracker Rapid w 2017"]
[Site "Moscow RUS"]
[Date "2017.12.24"]
[Round "7.4"]
[White "Maltsevskaya, Aleksandra"]
[Black "Kovalevskaya, Ekaterina"]
[Result "1/2-1/2"]
[BlackTitle "IM"]
[WhiteElo "2276"]
[BlackElo "2405"]
[WhiteTeam "Princesses"]
[BlackTeam "Queens"]
[WhiteFideId "24174041"]
[BlackFideId "4116704"]
[EventDate "2017.12.23"]
[EventType "schev (rapid)"]

1. c4 c5 2. Nc3 Nc6 3. g3 g6 4. Bg2 Bg7 5. e4 e5 6. Nge2 Nge7 7. O-O O-O 8. d3
d6 9. f4 f5 10. Be3 Nd4 11. Qd2 Rb8 12. Nd5 Nxd5 13. cxd5 b6 14. Kh1 fxe4 15.
dxe4 Ba6 16. Bxd4 cxd4 17. Rf2 Rc8 18. Nc1 Rc7 19. Nd3 Bxd3 20. Qxd3 Qc8 21.
Raf1 Rc1 22. Qd2 Rxf1+ 23. Bxf1 exf4 24. Rxf4 Bh6 1/2-1/2

[Event "Nutcracker Rapid w 2017"]
[Site "Moscow RUS"]
[Date "2017.12.24"]
[Round "8.1"]
[White "Maltsevskaya, Aleksandra"]
[Black "Grabuzova, Tatiana"]
[Result "1-0"]
[BlackTitle "WGM"]
[WhiteElo "2276"]
[BlackElo "2309"]
[WhiteTeam "Princesses"]
[BlackTeam "Queens"]
[WhiteFideId "24174041"]
[BlackFideId "4108752"]
[EventDate "2017.12.23"]
[EventType "schev (rapid)"]

1. c4 e6 2. g3 d5 3. Bg2 c5 4. Nf3 Nf6 5. O-O Be7 6. cxd5 exd5 7. d4 Nc6 8. Nc3
O-O 9. Bg5 c4 10. Rc1 Be6 11. b3 Na5 12. bxc4 Nxc4 13. Ne5 Rc8 14. Nxc4 Rxc4 15.
e3 Qd7 16. Bxf6 Bxf6 17. Qb3 Rfc8 18. Ne2 b5 19. Qb2 a5 20. Nf4 b4 21. Nd3 Rc3
22. Qd2 Be7 23. Rfd1 Qc7 24. Rxc3 Qxc3 25. h4 Bd6 26. Qe2 Qc2 27. Rd2 Qb1+ 28.
Kh2 Rc3 29. Bf3 Bf5 30. Nc5 Bxc5 31. dxc5 Be4 32. Rd1 Qc2 33. Qxc2 Bxc2 34. Rxd5
h6 35. c6 a4 36. Rb5 b3 37. axb3 axb3 38. Rb7 Kh7 39. Bd5 Rc5 40. Bxf7 Rxc6 41.
Bxb3 Be4 42. Rb4 Bf3 43. Rf4 Be2 44. Rf8 Rc1 45. Bd5 Bd3 46. h5 g5 47. hxg6+
Kxg6 48. Rg8+ Kf6 49. Rh8 Kg7 50. Re8 Rc2 51. Kg2 Bg6 52. Re7+ Kf6 53. Re6+ Kf7
54. Rxg6+ 1-0

[Event "Nutcracker Rapid w 2017"]
[Site "Moscow RUS"]
[Date "2017.12.24"]
[Round "8.2"]
[White "Dimitrova, Aleksandra"]
[Black "Strutinskaia, Galina"]
[Result "1-0"]
[WhiteTitle "WIM"]
[BlackTitle "WGM"]
[WhiteElo "2274"]
[BlackElo "2243"]
[WhiteTeam "Princesses"]
[BlackTeam "Queens"]
[WhiteFideId "24173371"]
[BlackFideId "4108558"]
[EventDate "2017.12.23"]
[EventType "schev (rapid)"]

1. e4 c5 2. Nf3 e6 3. d4 cxd4 4. Nxd4 Nf6 5. Nc3 Nc6 6. Ndb5 d6 7. Bf4 e5 8. Bg5
a6 9. Na3 Be6 10. Nd5 Be7 11. Bxf6 Bxf6 12. c4 Qa5+ 13. Qd2 Qxd2+ 14. Kxd2 Bg5+
15. Ke1 Rc8 16. Nc2 O-O 17. h4 Bd8 18. Bd3 g6 19. h5 Bg5 20. g3 Ne7 21. Nce3
Bxd5 22. cxd5 f5 23. Ke2 b5 24. a4 f4 25. Nc2 b4 26. gxf4 Bxf4 27. Rag1 a5 28.
Na1 Kg7 29. Nb3 Rc7 30. Nxa5 Ra8 31. Nc4 Rxa4 32. hxg6 Nxg6 33. Nxd6 Ra8 34.
Nf5+ Kf6 35. Ra1 Rca7 36. Rxa7 Rxa7 37. d6 Bg5 38. Bc4 Nf4+ 39. Kf3 Ne6 40. Bxe6
Kxe6 41. Kg4 Bf4 42. b3 Kf6 43. Rd1 Ke6 44. Rd5 Kd7 45. Rb5 Ra2 46. Rxb4 Rxf2
47. Rb7+ Kc6 48. Rc7+ Kb6 49. Rxh7 Rd2 50. Kh5 Rg2 51. Rg7 Rb2 52. Rg8 Kc6 53.
Kg6 Rxb3 54. Rc8+ Kd7 55. Rc7+ Kd8 56. Kf6 Rh3 57. Ke6 Bg5 58. Rg7 1-0

[Event "Nutcracker Rapid w 2017"]
[Site "Moscow RUS"]
[Date "2017.12.24"]
[Round "8.3"]
[White "Zaiatz, Elena"]
[Black "Goltseva, Ekaterina"]
[Result "1/2-1/2"]
[WhiteTitle "IM"]
[BlackTitle "WFM"]
[WhiteElo "2345"]
[BlackElo "2208"]
[WhiteTeam "Queens"]
[BlackTeam "Princesses"]
[WhiteFideId "4139518"]
[BlackFideId "24173770"]
[EventDate "2017.12.23"]
[EventType "schev (rapid)"]

1. Nf3 Nf6 2. c4 e6 3. b3 d5 4. e3 Be7 5. Bb2 dxc4 6. Bxc4 O-O 7. O-O b6 8. Qe2
Bb7 9. d4 Nbd7 10. Rd1 Bd6 11. Nc3 Qe7 12. Ba6 Bxa6 13. Qxa6 e5 14. dxe5 Nxe5
15. Qe2 Nxf3+ 16. Qxf3 Be5 17. Qf5 Qc5 18. Qc2 Bd6 19. Qe2 Qe5 20. g3 Qe6 21.
Qf3 Be5 22. Na4 Rad8 23. Kg2 h6 24. Rac1 c5 25. Bxe5 Qxe5 26. Nc3 Qe6 27. Nb5
Qe7 28. Nc3 Qe6 29. Nb5 Qe7 30. Nc3 1/2-1/2

[Event "Nutcracker Rapid w 2017"]
[Site "Moscow RUS"]
[Date "2017.12.24"]
[Round "8.4"]
[White "Kovalevskaya, Ekaterina"]
[Black "Solozhenkina, Elizaveta"]
[Result "1/2-1/2"]
[WhiteTitle "IM"]
[BlackTitle "WIM"]
[WhiteElo "2405"]
[BlackElo "2230"]
[WhiteTeam "Queens"]
[BlackTeam "Princesses"]
[WhiteFideId "4116704"]
[BlackFideId "34106615"]
[EventDate "2017.12.23"]
[EventType "schev (rapid)"]

1. e4 c6 2. Nc3 d5 3. d4 dxe4 4. Nxe4 Bf5 5. Ng3 Bg6 6. Nf3 Nd7 7. Bd3 Ngf6 8.
O-O e6 9. c4 Be7 10. Bf4 O-O 11. Bxg6 hxg6 12. Qe2 Re8 13. Rfd1 Bf8 14. Ne5 Qa5
15. a3 Qa6 16. h4 Rad8 17. Bg5 Be7 18. Rac1 c5 19. Nxd7 Rxd7 20. dxc5 Red8 21.
Bxf6 Rxd1+ 22. Rxd1 Rxd1+ 23. Qxd1 Bxf6 24. Qb3 Bxh4 25. Qb5 Qxb5 26. cxb5 Bxg3
27. fxg3 Kf8 28. Kf2 f5 29. Ke3 e5 30. Kd3 Ke7 31. Kc4 e4 1/2-1/2